Aprender jugando con la naturaleza

Guardat en:
Dades bibliogràfiques
Autor principal: Gamboa de Vitelleschi, Susana (Autor)
Format: Llibre
Idioma:espanyol
Publicat: Buenos Aires Bonum 2001
Edició:6a. ed
Col·lecció:Juegos y Dinámicas
Matèries:
Etiquetes: Afegir etiqueta
Sense etiquetes, Sigues el primer a etiquetar aquest registre!

MARC

LEADER 00000nam a2200000 a 4500
001 UCH1961
003 CL-VaPUC
008 090520e20010000AG |||||||||||||||||spa|d
020 |a 9505073267 
082 0 4 |a 790.1  |b GAM  |2 21 
100 |a Gamboa de Vitelleschi, Susana  |e author  |9 573931 
245 1 0 |a Aprender jugando con la naturaleza 
250 |a 6a. ed 
300 |a 181 p 
942 |c BK 
945 |d 20090520 00:00:00  |a rbrito 
260 |a Buenos Aires  |b Bonum  |c 2001 
650 7 |a JUEGOS DIDACTICOS  |2 CL-VaPUC  |9 372975 
650 0 |a Juegos educativos  |9 307366 
650 0 |a Actividades recreativas   |9 807627 
650 0 |a Dinámica de grupos   |9 259862 
583 |a last modification  |c 20090520 00:00:00  |k Rodrigo Vera 
490 0 |a Juegos y Dinámicas 
999 |c 333832  |d 333830 
952 |0 0  |1 0  |4 0  |6 790_100000000000000_GAM_2001  |7 0  |8 A  |9 422473  |a BIBEDU  |b BIBEDU  |d 2019-11-22  |i 4552075  |o 790.1 GAM 2001  |p 4552075  |r 2019-11-22  |w 2019-11-22  |y BK  |k PAR